000 00964nam0a22002651 4500
001 rc\478245
005 20030616172804.4
035 _a(NLR Aleph) 005721400
090 _a7483137
_c7483137
100 _a20030616d1987 u |0rusy50 ca
101 0 _arus
102 _aRU
105 _ay |||||||||
200 1 _aМелиорация и научно-технический прогресс
210 _aМ.
_cО-во "Знание" РСФСР
_d1987
215 _a38, [2] с.
_d20
225 1 _aВ помощь лектору
_fО-во "Знание" РСФСР, Секция пропаганды с.-х. знаний и передового опыта
320 _aБиблиогр. в конце кн.
700 1 _aМаслов
_bБ. С.
_gБорис Степанович
701 1 _aРайнин
_bВ. Е.
_gВладлен Ефимович
801 0 _aRU
_bNLR
_gpsbo
801 1 _aRU
_bELAR
_2rusmarc
852 _aNLR
_j87-4/17287
942 _cBOOK
980 _aNB